Management II : career paths
Αποθηκεύτηκε σε:
| Κύριοι συγγραφείς: | , |
|---|---|
| Άλλοι συγγραφείς: | |
| Μορφή: | Βιβλίο |
| Γλώσσα: | English |
| Δημοσίευση: |
Birkshire :
Express Publishing,
2013.
|
| Θέματα: | |
| Ετικέτες: |
Προσθήκη ετικέτας
Δεν υπάρχουν, Καταχωρήστε ετικέτα πρώτοι!
|
MARC
| LEADER | 00000cam a2200000 a 4500 | ||
|---|---|---|---|
| 001 | 1/115026 | ||
| 008 | 170925r20172013uk | ||| |||| ||eng|| | ||
| 020 | |a 9781471512605 |q (χαρτόδετο) | ||
| 040 | |a GR-MyUa |b gre |c GR-MyUa |e AACR2 | ||
| 041 | 0 | |a eng | |
| 082 | 7 | |a 428.24024658 |2 (23) | |
| 100 | 1 | |a Evans, Virginia, |d 1945- | |
| 245 | 1 | 0 | |a Management II : |b career paths / |c Virginia Evans, Jerry Dooley and Henry Brown. |
| 246 | 1 | |i Άλλες παραλλαγές του τίτλου : |a Career paths : |b Management II : student's book | |
| 260 | |a Birkshire : |b Express Publishing, |c 2013. | ||
| 300 | |a 39 σ. : |b εικ. ; |c 30 εκ. | ||
| 500 | |a Το Παράρτημα Βιβλιοθήκης Χίου διαθέτει την 1η έκδοση [5η ανατύπωση], 2017. | ||
| 650 | 0 | |a English language |x Management. | |
| 650 | 0 | |a English language |x Textbooks for foreign speakers |x Management. | |
| 700 | 1 | |a Dooley, Jenny. | |
| 700 | 1 | |a Brown, Henry, |e aut | |
| 852 | |a INST |b CHIOS |e 20170925 |h 428.24024658 EVA |p 005200038261 |q 005200038261 |t BK |y 0 | ||
| 852 | |a INST |b CHIOS |e 20170925 |h 428.24024658 EVA |p 005200038262 |q 005200038262 |t BK |y 0 | ||
| 852 | |a INST |b CHIOS |e 20170925 |h 428.24024658 EVA |p 005200038263 |q 005200038263 |t BK |y 0 | ||
| 852 | |a INST |b CHIOS |e 20170925 |h 428.24024658 EVA |p 005200038264 |q 005200038264 |t BK |y 0 | ||
| 852 | |a INST |b CHIOS |e 20170925 |h 428.24024658 EVA |p 005200038265 |q 005200038265 |t BK |y 0 | ||
| 852 | |a INST |b CHIOS |e 20170925 |h 428.24024658 EVA |p 005200038266 |q 005200038266 |t BK |y 0 | ||
| 852 | |a INST |b CHIOS |e 20170925 |h 428.24024658 EVA |p 005200038267 |q 005200038267 |t BK |y 0 | ||
| 852 | |a INST |b CHIOS |e 20170925 |h 428.24024658 EVA |p 005200038268 |q 005200038268 |t BK |y 0 | ||
| 852 | |a INST |b CHIOS |e 20170925 |h 428.24024658 EVA |p 005200038269 |q 005200038269 |t BK |y 0 | ||
| 852 | |a INST |b CHIOS |e 20170925 |h 428.24024658 EVA |p 005200038270 |q 005200038270 |t BK |y 0 | ||
| 852 | |a INST |b CHIOS |e 20170925 |h 428.24024658 EVA |p 005200038271 |q 005200038271 |t BK |y 0 | ||
| 852 | |a INST |b CHIOS |e 20170925 |h 428.24024658 EVA |p 005200038272 |q 005200038272 |t BK |y 0 | ||
| 852 | |a INST |b CHIOS |e 20170925 |h 428.24024658 EVA |p 005200038273 |q 005200038273 |t BK |y 0 | ||
| 852 | |a INST |b CHIOS |e 20170925 |h 428.24024658 EVA |p 005200038274 |q 005200038274 |t BK |y 0 | ||
| 852 | |a INST |b CHIOS |e 20170925 |h 428.24024658 EVA |p 005200038275 |q 005200038275 |t BK |y 0 | ||
| 852 | |a INST |b CHIOS |c EUDOXUS |e 20180507 |h 428.24024658 EVA |p 005200037766 |q 005200037766 |t BK |y 0 | ||
| 852 | |a INST |b CHIOS |c EUDOXUS |e 20181122 |h 428.24024658 EVA |p 005200039398 |q 005200039398 |t BK |y 0 | ||
| 852 | |a INST |b CHIOS |c EUDOXUS |e 20210921 |h 428.24024658 EVA |p 005200039633 |q 005200039633 |t BK |y 0 | ||
| 920 | |a Τμήμα Διοίκησης Επιχειρήσεων |y Χίος |z 2017-09 | ||
| 920 | |a Εύδοξος |b Επιστροφή |y Χίος |z 2018-11 | ||
| 920 | |a Εύδοξος |b Επιστροφή |y Χίος |z 2021-09 | ||
| 970 | |a Σπέντζα |b Ελένη |z 25-09-2017 | ||